Computer networking : a top down approach featuring the internet (Record no. 174751)
[ view plain ]
| 000 -LEADER | |
|---|---|
| fixed length control field | 00490nam a2200169Ia 4500 |
| 005 - DATE AND TIME OF LATEST TRANSACTION | |
| control field | 20250806130719.0 |
| 008 - FIXED-LENGTH DATA ELEMENTS--GENERAL INFORMATION | |
| fixed length control field | 231217s9999 xx 000 0 und d |
| 020 ## - INTERNATIONAL STANDARD BOOK NUMBER | |
| International Standard Book Number | 978-0321176448 |
| 082 ## - DEWEY DECIMAL CLASSIFICATION NUMBER | |
| Classification number | 001.64404 KUR;14 |
| 100 ## - MAIN ENTRY--PERSONAL NAME | |
| Personal name | Kurose, James F. Ross, Keith W. |
| 245 #0 - TITLE STATEMENT | |
| Title | Computer networking : a top down approach featuring the internet |
| 250 ## - EDITION STATEMENT | |
| Edition statement | 2nd ed. |
| 260 ## - PUBLICATION, DISTRIBUTION, ETC. (IMPRINT) | |
| Date of publication, distribution, etc. | 2003 |
| Name of publisher, distributor, etc. | Pearson |
| Place of publication, distribution, etc. | Delhi |
| 300 ## - PHYSICAL DESCRIPTION | |
| Extent | 750 |
| 650 ## - SUBJECT ADDED ENTRY--TOPICAL TERM | |
| Topical term or geographic name as entry element | Computer,networking,:,top,down,featuring |
| 942 ## - ADDED ENTRY ELEMENTS (KOHA) | |
| Koha item type | Books |
| Date last seen | Total Checkouts | Full call number | Accession number | Old discount | Checked out | Date checked out | Cost, replacement price | Price effective from | Category | Lost status | Damaged status | Department | Withdrawn status | bill no. | bill date | Permanent Location | Current Location | Shelving location | Entry date | Vendor | Cost, normal purchase price | Grants | Currency symbol | Conversion rate | Discount | Discount type |
|---|---|---|---|---|---|---|---|---|---|---|---|---|---|---|---|---|---|---|---|---|---|---|---|---|---|---|
| 02/04/2024 | 1 | 001.64404 KUR;14 | 34437 | 20 | 07/09/2016 | 02/04/2024 | 288.00 | 26/01/2024 | Books | Central Library | 2005/INV/000034 | 07/06/2008 | Central Library | Central Library | Central Library | 17/05/2005 | Sai Books | 360.00 | IS | RS | 1 | 72 | Rupees | |||
| 26/01/2024 | 001.64404 KUR;15 | 34438 | 20 | 288.00 | 26/01/2024 | Books | Central Library | 2005/INV/000034 | 07/06/2008 | Central Library | Central Library | Central Library | 17/05/2005 | Sai Books | 360.00 | IS | RS | 1 | 72 | Rupees | ||||||
| 02/02/2026 | 2 | 001.64404 KUR;16 | 34439 | 20 | 20/01/2026 | 288.00 | 26/01/2024 | Books | Central Library | 2005/INV/000034 | 07/06/2008 | Central Library | Central Library | Central Library | 17/05/2005 | Sai Books | 360.00 | IS | RS | 1 | 72 | Rupees | ||||
| 02/02/2026 | 1 | 001.64404 KUR;19 | 39154 | 20 | 20/01/2026 | 300.00 | 26/01/2024 | Books | Central Library | 158 | 09/09/2004 | Central Library | Central Library | Central Library | 07/12/2005 | Sai Books | 375.00 | TC/PG | RS | 1 | 75 | Rupees | ||||
| 09/02/2026 | 2 | 001.64404 KUR;20 | 39155 | 20 | 14/01/2026 | 300.00 | 26/01/2024 | Books | Central Library | 158 | 09/09/2004 | Central Library | Central Library | Central Library | 07/12/2005 | Sai Books | 375.00 | TC/PG | RS | 1 | 75 | Rupees |
